1995 1203 1212 1706 1302 1263 1202 1667 1159 1491 1863 1226 1881 1307 1067 2000 1448 1178 1629 1932 1824 1585 1885 1671 1108 1120 1986 1330 1945 1697 1654 1073 1900 1763 1135 1460 1890 1986 1297 1818 1818 1377 1285 1670 1345 1241 1063 1100 1566 1493 1558 1661 1999 1222 1303 1701 1978 1925 1785 1493 1963 1129 1048 1990 1093 1316 1435 1099 1624 1729 1362 1048 1507 1603 1568 1422 1830 1556 1781 1493 1027 1525 1786 1896 1948 1337 1053 1649 1358 1853 1347 1456 1826 1054 1558 1480 1356 1048 1631 BCNSPRNW ULIB Ver.6.0+V

เปลี่ยนเป็นภาษาไทย

Change to English
 แสดงรายละเอียดบรรณานุกรม
  กลับหน้าหลัก

Brief Record : Get Marc (ISO 2709) : E-mail record : QR code < ปิดหน้าต่าง
LEADER : 00000nam 2200000uu 4500
001    13399110888
003     ULIB
008    110613s||||||||th 000 0 tha d
020    9748679241(ล.7)
050  4 AC158^bM111D ล.7 2005
100 0  Martina, Guido
245    ดิสนีย์ส (Disney s) โลกมหัศจรรย์ : การสำรวจและการค้นพบ/ ^cผู้แปลและเรียบเรียง ศูนย์การแปล คณะอักษณศาสตร์ จุฬาลงกรณ์มหาวิทยาลัย ; บรรณาธิการ ชาญศักดิ์ พงษ์สุวรรณ
260    กรุงเทพฯ : ^bโกเลียร์อินเตอร์เนชั่นแนล, ^c2005
300    20 เล่ม : ^bภาพประกอบ ; ^c26 ซม.
592    Buddhist era
650  7 ความรู้ทั่วไป
650  7 การค้นพบ
650  7 การสำรวจ
700    ชาญศักดิ์ พงษ์สุวรรณ, ^eบรรณาธิการ
710    จุฬาลงกรณ์มหาวิทยาลัย. ^bคณะอักษรศาสตร์. ^bศูนย์การแปล
945    ^p850^l0^i023033
995    ทศพร
999 ^a ใช้งานได้ทุกระบบ
รายการนี้ยังไม่มีแท็ก
คุณยังไม่ได้ล็อกอิน คุณสามารถมีกิจกรรมร่วมกับเว็บไซต์ได้ แต่ต้องล็อกอินก่อน ::
  ล็อกอิน

รายการสื่อสารสนเทศ

ลำดับที่ ประเภท เลขเรียก/บาร์โค้ด สถานที่ สถานะ
- ไม่พบข้อมูล -

รายการใกล้เคียง
    ผู้แต่ง [Martina, Guido]

    หัวเรื่อง [ความรู้ทั่วไป]
    หัวเรื่อง [การสำรวจ]

BibComment


ยังไม่เคยถูกคอมเมนท์

คอมเมนท์ทรัพยากรรายการนี้
  คอมเมนท์: ดิสนีย์ส Disney s..


 Copyright 2026. Bcnsprnw @Library